How to challenge an arbitrator's jurisdiction under the English Arbitration Act 1996 (Part 2) (Record no. 68860)

MARC details
000 -LEADER
fixed length control field 01184cam a2200217 4500
001 - CONTROL NUMBER
control field ABS64785
008 - FIXED-LENGTH DATA ELEMENTS--GENERAL INFORMATION
fixed length control field 011120n2001 000 0 eng u
035 ## - SYSTEM CONTROL NUMBER
System control number (Sirsi) u115630
100 ## - MAIN ENTRY--PERSONAL NAME
Personal name Tai Ming Yang, E.
245 ## - TITLE STATEMENT
Title How to challenge an arbitrator's jurisdiction under the English Arbitration Act 1996 (Part 2)
260 ## - PUBLICATION, DISTRIBUTION, ETC.
Date of publication, distribution, etc. 2001
490 ## - SERIES STATEMENT
Series statement Asian Dispute Resolution
Volume/sequential designation September 2001, 51-53(3)
520 ## - SUMMARY, ETC.
Summary, etc. The article considers security for costs in relation to the arbitration application. With reference to the following case law: "Azov Shipping Co v Baltic Ahipping Co" (1999); "Metal Scrap Trade Corporation v Kate Shipping Co Ltd" (1990); "Compagnie Nouvelle France Navigation SA v Compagnie Navale Afrique Du Nord" (1996); "Industrie Chimiche Italia Centrale v Alexander G Tsavliris and Sons Maritime Co Pancristo Shipping Co SA and Bula Shipping Corporation" (1987) and "Union De Remorquage et De Sauvetage SA v Lake Avery Inc" (1997).
590 ## - LOCAL NOTE (RLIN)
Local note ABS
650 ## - SUBJECT ADDED ENTRY--TOPICAL TERM
Topical term or geographic name entry element ENGLISH ARBITRATION ACT 1996 (PART 2)
650 ## - SUBJECT ADDED ENTRY--TOPICAL TERM
Topical term or geographic name entry element SECURITY FOR COSTS
650 ## - SUBJECT ADDED ENTRY--TOPICAL TERM
Topical term or geographic name entry element JURISDICTION
650 ## - SUBJECT ADDED ENTRY--TOPICAL TERM
Topical term or geographic name entry element ARBITRATION PROCEEDINGS
690 ## - LOCAL SUBJECT ADDED ENTRY--TOPICAL TERM (OCLC, RLIN)
Topical term or geographic name as entry element Dispute resolution
9 (RLIN) 6236
942 ## - ADDED ENTRY ELEMENTS (KOHA)
Suppress in OPAC 0
Holdings
Withdrawn status Lost status Source of classification or shelving scheme Damaged status Not for loan Home library Current library Shelving location Date acquired Total Checkouts Full call number Barcode Date last seen Copy number Price effective from Koha item type
    Dewey Decimal Classification     London London Journal article 20/11/2001   ABS64785 115630-1001 06/08/2019 1 06/08/2019 Journal article